00571nam a2200181Ia 4500952011900000999001100119003000400130005001700134008004100151040000900192082001800201100002900219245003800248260004100286300000900327650001100336942004200347 00102ddc40708POEaMESbMEScARBd2019-02-20l0o892.71 ARB/Ap2662r2019-02-20 00:00:00w2019-02-20yBKzGR5R2 c59d59OSt20200916095845.0190216s9999||||xx |||||||||||||| ||und|| coclc a892.71bARB/A aArberry, Arthur J 92250 0aArabic Poetry /cArthur J Arberry bCambridge Uty Press,c1965.aLondon: a175p aArabic cBK2ddch892.71iARB/Ak892.71mARB/A